[Event "GER-ch Net blitz qual5"]
[Site "Playchess.com INT"]
[Date "2020.03.28"]
[Round "4"]
[White "Berndt, Klaus"]
[Black "Marcziter, Dmitrii"]
[Result "1-0"]
[WhiteElo "2145"]
[BlackElo "2232"]
[PlyCount "121"]
[EventDate "2020.03.28"]
[EventType "swiss (blitz)"]
[EventRounds "13"]
[EventCountry "GER"]
[SourceTitle "CBM 195 Extra"]
[Source "ChessBase"]
[SourceDate "2020.05.31"]
[SourceVersion "1"]
[SourceVersionDate "2020.05.31"]
[SourceQuality "1"]

1. d4 Nf6 2. Nf3 g6 3. c4 Bg7 4. Nc3 0-0 5. Bg5 d6 6. e3 h6 7. Bh4 g5 8. Bg3 Nh5 9. Be2 Bg4 10. Qc2 Nd7 11. Nxg5 hxg5 12. Bxg4 Ndf6 13. Be2 c5 14. dxc5 dxc5 15. Be5 g4 16. 0-0 Qd7 17. Rfd1 Qe6 18. Bg3 Nxg3 19. hxg3 Rfd8 20. Rac1 Qe5 21. Rxd8+ Rxd8 22. Rd1 Rxd1+ 23. Qxd1 Qb8 24. b3 a6 25. Nd5 Nxd5 26. Qxd5 Qc7 27. Bxg4 e6 28. Qd2 b5 29. Be2 b4 30. Bf3 Bc3 31. Qd3 Qa5 32. Qc2 Qd8 33. g4 a5 34. g3 Qd6 35. Kg2 Kg7 36. Qd1 Qe5 37. Bc6 Bb2 38. Qf3 Qc3 39. Be8 Qf6 40. Qxf6+ Kxf6 41. f4 Ke7 42. Bc6 Kd6 43. Be4 Bc1 44. Kf3 Bd2 45. g5 Ke7 46. g4 Be1 47. g6 fxg6 48. Bxg6 Kf6 49. Bd3 Bc3 50. g5+ Kg7 51. Kg4 Bd2 52. e4 Bc3 53. f5 e5 54. Kh5 Bd2 55. Be2 Bc1 56. Bg4 Bd2 57. f6+ Kf7 58. Bc8 Bc1 59. Bb7 Bd2 60. Bd5+ Kf8 61. g6 1-0

[Event "GER-ch Net blitz qual5"]
[Site "Playchess.com INT"]
[Date "2020.03.28"]
[Round "9"]
[White "Berndt, Klaus"]
[Black "Serrer, Christoph"]
[Result "0-1"]
[WhiteElo "2145"]
[BlackElo "2281"]
[PlyCount "118"]
[EventDate "2020.03.28"]
[EventType "swiss (blitz)"]
[EventRounds "13"]
[EventCountry "GER"]
[SourceTitle "CBM 195 Extra"]
[Source "ChessBase"]
[SourceDate "2020.05.31"]
[SourceVersion "1"]
[SourceVersionDate "2020.05.31"]
[SourceQuality "1"]

1. d4 Nf6 2. Nf3 g6 3. c4 c5 4. Nc3 cxd4 5. Nxd4 Nc6 6. Bg5 Bg7 7. Qd2 Nxd4 8. Qxd4 0-0 9. Qd2 d6 10. e3 Be6 11. Rc1 Qa5 12. Bh4 Rfc8 13. b3 a6 14. Be2 b5 15. Bxf6 Bxf6 16. Ne4 Qxd2+ 17. Kxd2 Bg7 18. cxb5 Rxc1 19. Rxc1 axb5 20. Rc2 b4 21. Bb5 Bd5 22. f3 Bxe4 23. fxe4 Be5 24. h3 Kg7 25. Ba4 h5 26. Kd3 h4 27. Rc7 Kf6 28. Rb7 Bc3 29. Rb5 Be1 30. Ke2 Bc3 31. Kd3 Be1 32. Rb6 Ra5 33. Rb5 Ra7 34. Rd5 Rc7 35. Ke2 Bg3 36. Rd2 Rc1 37. Kf3 Rg1 38. Kg4 Rf1 39. Re2 Ke5 40. Bc6 e6 41. Bb7 Rc1 42. Ba8 Rc3 43. Bb7 f5+ 44. exf5 gxf5+ 45. Kg5 d5 46. Kg6 Bh2 47. Kf7 Bg1 48. Bc8 Rxe3 49. Rxe3+ Bxe3 50. Bxe6 d4 51. Bc4 Ke4 52. Ke6 f4 53. Kf6 d3 54. Ke6 Kd4 55. Kf5 Kc3 56. Ke4 d2 57. Be2 Kc2 58. Kf3 d1Q 59. Bxd1+ Kxd1 0-1

[Event "GER-ch Net blitz qual4"]
[Site "Playchess.com INT"]
[Date "2020.03.23"]
[Round "2"]
[White "Federau, Juergen1111"]
[Black "Berndt, Klaus"]
[Result "1/2-1/2"]
[WhiteElo "2124"]
[BlackElo "2145"]
[PlyCount "89"]
[EventDate "2020.03.23"]
[EventType "swiss (blitz)"]
[EventRounds "9"]
[EventCountry "GER"]
[SourceTitle "CBM 195 Extra"]
[Source "ChessBase"]
[SourceDate "2020.05.31"]
[SourceVersion "1"]
[SourceVersionDate "2020.05.31"]
[SourceQuality "1"]

1. d4 e6 2. e3 Nf6 3. Bd3 d5 4. Nd2 Be7 5. f4 b6 6. Ngf3 Bb7 7. 0-0 0-0 8. Ne5 Ne4 9. c3 f6 10. Nef3 Nd7 11. Qc2 f5 12. Ne5 Nxe5 13. fxe5 c5 14. Nxe4 fxe4 15. Be2 Rxf1+ 16. Kxf1 Bg5 17. Bd2 cxd4 18. cxd4 Rc8 19. Qd1 Qe7 20. Rc1 Rf8+ 21. Kg1 Qf7 22. Qe1 Rc8 23. Bg4 Rf8 24. a3 h5 25. Bh3 Ba6 26. Bb4 Bxe3+ 27. Kh1 Bxc1 28. Bxf8 Kxf8 29. Qxc1 Qf1+ 30. Qxf1+ Bxf1 31. Bxe6 Bc4 32. Kg1 Ke7 33. Bg8 g5 34. Kf2 h4 35. g3 hxg3+ 36. hxg3 a5 37. Ke3 b5 38. Bh7 b4 39. Bf5 bxa3 40. bxa3 Kf7 41. Kd2 Ke7 42. Kc3 e3 43. Bg4 Kf7 44. Bf3 Ke7 45. Bg4 1/2-1/2

[Event "Oberliga Nord O 0708"]
[Site "Germany"]
[Date "2008.02.10"]
[Round "6.4"]
[White "Sawatzki, Joerg"]
[Black "Berndt, Klaus"]
[Result "1/2-1/2"]
[WhiteElo "2230"]
[BlackElo "2218"]
[PlyCount "83"]
[EventDate "2007.10.21"]
[EventType "team-tourn"]
[EventRounds "9"]
[EventCountry "GER"]
[SourceTitle "EXT 2009"]
[Source "ChessBase"]
[SourceDate "2008.11.26"]
[SourceVersion "1"]
[SourceVersionDate "2008.11.26"]
[SourceQuality "1"]
[WhiteTeam "Friesen Lichtenberg"]
[BlackTeam "Cottbus"]
[WhiteTeamCountry "GER"]
[BlackTeamCountry "GER"]

1. c4 e6 2. Nc3 d5 3. d4 Be7 4. Nf3 Nf6 5. Bf4 0-0 6. e3 c5 7. dxc5 Bxc5 8. a3 Nc6 9. Qc2 Qa5 10. Rd1 Be7 11. Be2 dxc4 12. Bxc4 e5 13. Bg3 Bg4 14. 0-0 Rad8 15. Rxd8 Bxd8 16. Nd2 a6 17. Nb3 Qc7 18. Nd5 Qd6 19. Nxf6+ Bxf6 20. Bd3 h6 21. f3 Bc8 22. Rd1 Qc7 23. Rc1 Qb6 24. Bf2 Be6 25. Nc5 Rc8 26. Nxe6 fxe6 27. b4 Rd8 28. Bc4 Kf7 29. Qb3 Ne7 30. Bd3 Qd6 31. Be4 Qd2 32. Re1 Rd7 33. h3 g6 34. g4 Rc7 35. Rd1 Rc1 36. Rxc1 Qxc1+ 37. Kg2 b5 38. a4 Qd2 39. Kf1 Qc1+ 40. Kg2 Qd2 41. Kf1 Qc1+ 42. Kg2 1/2-1/2

[Event "Oberliga Nord O 0708"]
[Site "Germany"]
[Date "2007.11.25"]
[Round "3.4"]
[White "Berndt, Klaus"]
[Black "Syre, Christian"]
[Result "0-1"]
[WhiteElo "2218"]
[BlackElo "2279"]
[PlyCount "74"]
[EventDate "2007.10.21"]
[EventType "team-tourn"]
[EventRounds "9"]
[EventCountry "GER"]
[SourceTitle "EXT 2009"]
[Source "ChessBase"]
[SourceDate "2008.11.26"]
[SourceVersion "1"]
[SourceVersionDate "2008.11.26"]
[SourceQuality "1"]
[WhiteTeam "Cottbus"]
[BlackTeam "Oberschoeneweide"]
[WhiteTeamCountry "GER"]
[BlackTeamCountry "GER"]

1. d4 Nf6 2. Nf3 c5 3. c4 cxd4 4. Nxd4 Nc6 5. Nc3 e6 6. e3 d5 7. cxd5 exd5 8. Be2 Bd6 9. 0-0 0-0 10. Bd2 Qc7 11. h3 Qe7 12. Qb3 Qe5 13. Nf3 Qh5 14. Nd4 Qe5 15. Nf3 Qh5 16. Nd4 Qg6 17. Kh1 Qh6 18. f4 Bc5 19. Nxd5 Bxh3 20. gxh3 Qxh3+ 21. Kg1 Qg3+ 22. Kh1 Qh3+ 23. Kg1 Nxd4 24. Nxf6+ gxf6 25. exd4 Bxd4+ 26. Rf2 Bxf2+ 27. Kxf2 Qh2+ 28. Kf3 Kh8 29. Bc3 Qh3+ 30. Kf2 Qh4+ 31. Kf3 Rg8 32. Be1 Qh1+ 33. Ke3 Rae8+ 34. Kd2 Rg2 35. Qf3 Qh2 36. Kc3 Rgxe2 37. Bg3 Rc2+ 0-1

[Event "Oberliga Nord O 0506"]
[Site "Germany"]
[Date "2006.04.02"]
[Round "9.2"]
[White "Berndt, Klaus"]
[Black "Wendt, Jan Dietrich"]
[Result "1/2-1/2"]
[WhiteElo "2233"]
[BlackElo "2331"]
[PlyCount "52"]
[EventDate "2005.10.23"]
[EventType "team-tourn"]
[EventRounds "9"]
[EventCountry "GER"]
[SourceTitle "EXT 2007"]
[Source "ChessBase"]
[SourceDate "2006.11.23"]
[SourceVersion "1"]
[SourceVersionDate "2006.11.23"]
[SourceQuality "1"]
[WhiteTeam "Cottbus"]
[BlackTeam "Berlin II"]
[WhiteTeamCountry "GER"]
[BlackTeamCountry "GER"]

1. d4 Nf6 2. Nf3 c5 3. c4 cxd4 4. Nxd4 e6 5. Nc3 Nc6 6. e3 d5 7. cxd5 exd5 8. Be2 Bc5 9. 0-0 0-0 10. b3 Re8 11. Ncb5 a6 12. Nxc6 bxc6 13. Nd4 Qd6 14. Bb2 Ne4 15. Rc1 Bd7 16. Bg4 Rad8 17. Bxd7 Qxd7 18. b4 Bxd4 19. Qxd4 f6 20. Rfd1 Qb7 21. a4 Rb8 22. Bc3 Re6 23. Be1 Rbe8 24. Rb1 Nd6 25. Qc5 Ne4 26. Qd4 Nd6 1/2-1/2

[Event "Oberliga Nord O 0405"]
[Site "Germany"]
[Date "2005.02.13"]
[Round "7.5"]
[White "Bielinski, Dariusz"]
[Black "Berndt, Klaus"]
[Result "1/2-1/2"]
[WhiteElo "2225"]
[BlackElo "2251"]
[PlyCount "40"]
[EventDate "2004.10.24"]
[EventType "team-tourn"]
[EventRounds "9"]
[EventCountry "GER"]
[SourceTitle "EXT 2006"]
[Source "ChessBase"]
[SourceDate "2005.11.24"]
[SourceVersion "1"]
[SourceVersionDate "2005.11.24"]
[SourceQuality "1"]
[WhiteTeam "Lasker Steglitz"]
[BlackTeam "Cottbus"]
[WhiteTeamCountry "GER"]
[BlackTeamCountry "GER"]

1. e4 e6 2. d3 d5 3. Nd2 Nf6 4. Ngf3 dxe4 5. dxe4 Nc6 6. c3 a5 7. Bb5 Bd7 8. Qe2 Be7 9. 0-0 0-0 10. e5 Nd5 11. Ne4 Qe8 12. Bd3 f5 13. exf6 gxf6 14. c4 Ndb4 15. Bb1 Kh8 16. a3 Na6 17. b3 Nc5 18. Nxc5 Bxc5 19. Be3 Bxe3 20. Qxe3 e5 1/2-1/2

[Event "Oberliga Nord O 0405"]
[Site "Germany"]
[Date "2004.11.28"]
[Round "3.5"]
[White "Valet, Richard"]
[Black "Berndt, Klaus"]
[Result "1/2-1/2"]
[WhiteElo "2103"]
[BlackElo "2251"]
[PlyCount "22"]
[EventDate "2004.10.24"]
[EventType "team-tourn"]
[EventRounds "9"]
[EventCountry "GER"]
[SourceTitle "EXT 2006"]
[Source "ChessBase"]
[SourceDate "2005.11.24"]
[SourceVersion "1"]
[SourceVersionDate "2005.11.24"]
[SourceQuality "1"]
[WhiteTeam "Greifswald"]
[BlackTeam "Cottbus"]
[WhiteTeamCountry "GER"]
[BlackTeamCountry "GER"]

1. e4 e6 2. d4 d5 3. e5 c5 4. c3 Qb6 5. Nf3 Bd7 6. Be2 Bb5 7. 0-0 Bxe2 8. Qxe2 cxd4 9. Nxd4 Nc6 10. Be3 Nxd4 11. Bxd4 Bc5 1/2-1/2

[Event "Oberliga Nord O 0304"]
[Site "Germany"]
[Date "2004.02.15"]
[Round "6.4"]
[White "Kleeschaetzky, Ralf"]
[Black "Berndt, Klaus"]
[Result "1/2-1/2"]
[WhiteElo "2219"]
[BlackElo "2259"]
[PlyCount "25"]
[EventDate "2003.10.12"]
[EventType "team-tourn"]
[EventRounds "9"]
[EventCountry "GER"]
[SourceTitle "EXT 2005"]
[Source "ChessBase"]
[SourceDate "2004.11.15"]
[SourceVersion "1"]
[SourceVersionDate "2004.11.15"]
[SourceQuality "1"]
[WhiteTeam "Oberschoeneweide"]
[BlackTeam "Cottbus"]
[WhiteTeamCountry "GER"]
[BlackTeamCountry "GER"]

1. Nf3 Nf6 2. c4 e6 3. g3 b6 4. Bg2 Bb7 5. 0-0 Be7 6. d4 d5 7. Ne5 0-0 8. Nc3 Qc8 9. cxd5 Nxd5 10. Nxd5 exd5 11. Qb3 Qe6 12. Nd3 Rd8 13. Bf4 1/2-1/2

[Event "Oberliga Nord O 0203"]
[Site "Germany"]
[Date "2003.03.09"]
[Round "8.4"]
[White "Haessler, Wolfgang"]
[Black "Berndt, Klaus"]
[Result "1/2-1/2"]
[WhiteElo "2254"]
[BlackElo "2243"]
[PlyCount "41"]
[EventDate "2002.10.20"]
[EventType "team"]
[EventRounds "9"]
[EventCountry "GER"]
[SourceTitle "EXT 2009"]
[Source "ChessBase"]
[SourceDate "2008.11.26"]
[SourceVersion "1"]
[SourceVersionDate "2008.11.26"]
[SourceQuality "1"]
[WhiteTeam "Lichtenberg"]
[BlackTeam "Cottbus"]
[WhiteTeamCountry "GER"]
[BlackTeamCountry "GER"]

1. e4 e6 2. d4 d5 3. Nd2 Nf6 4. e5 Nfd7 5. Ngf3 c5 6. c4 cxd4 7. cxd5 exd5 8. Bd3 Be7 9. 0-0 Nc6 10. Re1 Nc5 11. Nb3 Nxd3 12. Qxd3 Nb4 13. Qd1 d3 14. Nfd4 0-0 15. a3 Nc2 16. Nxc2 dxc2 17. Qxc2 Be6 18. Be3 Rc8 19. Qd2 b6 20. Nd4 Qd7 21. Rac1 1/2-1/2

[Event "Oberliga Nord O 0203"]
[Site "Germany"]
[Date "2003.02.09"]
[Round "6.4"]
[White "Schnabel, Ralf"]
[Black "Berndt, Klaus"]
[Result "1/2-1/2"]
[WhiteElo "2265"]
[BlackElo "2243"]
[PlyCount "119"]
[EventDate "2002.10.20"]
[EventType "team"]
[EventRounds "9"]
[EventCountry "GER"]
[SourceTitle "EXT 2009"]
[Source "ChessBase"]
[SourceDate "2008.11.26"]
[SourceVersion "1"]
[SourceVersionDate "2008.11.26"]
[SourceQuality "1"]
[WhiteTeam "Berlin Empor"]
[BlackTeam "Cottbus"]
[WhiteTeamCountry "GER"]
[BlackTeamCountry "GER"]

1. e4 e6 2. d4 d5 3. Nd2 Nf6 4. e5 Nfd7 5. c3 c5 6. Bd3 Nc6 7. Ne2 cxd4 8. cxd4 f6 9. exf6 Nxf6 10. Nf3 Bd6 11. 0-0 Qc7 12. Bg5 0-0 13. Qc2 h6 14. Bh4 Nb4 15. Qxc7 Bxc7 16. Bb5 a6 17. Ba4 Nd3 18. Rab1 Ne4 19. Rfd1 Nf4 20. Nxf4 Bxf4 21. Bg3 Nxg3 22. hxg3 Bd6 23. Ne5 Bxe5 24. dxe5 b5 25. Bc2 Bd7 26. Rbc1 Rac8 27. Bg6 Rfd8 28. f4 Be8 29. Bd3 Bh5 30. Re1 Bg4 31. Kf2 Kf7 32. Ke3 g6 33. a4 bxa4 34. Bxa6 Rxc1 35. Rxc1 Rb8 36. Rc7+ Kf8 37. Rc8+ Rxc8 38. Bxc8 Ke7 39. Ba6 Bf5 40. Kd4 Be4 41. Bb5 Bxg2 42. Bxa4 Kd8 43. Kc5 Kc7 44. b4 Be4 45. Bd1 h5 46. Ba4 Bf5 47. Be8 Kd8 48. Bc6 Kc7 49. b5 Kc8 50. b6 Kb8 51. Bxd5 exd5 52. Kxd5 Kb7 53. e6 Kxb6 54. Kd6 Bd3 55. e7 Bb5 56. Ke6 Be8 57. f5 gxf5 58. Kxf5 Kc6 59. Kg5 Kd7 60. g4 1/2-1/2

[Event "Oberliga Nord O 9495"]
[Site "Germany"]
[Date "1995.??.??"]
[Round "?"]
[White "Berndt, Klaus"]
[Black "Glienke, Manfred"]
[Result "0-1"]
[WhiteElo "2270"]
[BlackElo "2260"]
[PlyCount "92"]
[EventDate "1994.10.??"]
[EventType "team"]
[EventRounds "9"]
[EventCountry "GER"]
[SourceTitle "EXT 1999"]
[Source "ChessBase"]
[SourceDate "1998.11.16"]
[SourceVersion "1"]
[SourceVersionDate "1998.11.16"]
[SourceQuality "1"]

1. d4 d5 2. c4 e6 3. Nc3 Be7 4. Nf3 Nf6 5. Bg5 0-0 6. e3 Nbd7 7. Rc1 b6 8. cxd5 exd5 9. Bd3 Bb7 10. 0-0 c5 11. Qe2 c4 12. Bb1 a6 13. Ne5 b5 14. f4 Re8 15. Rf3 Ne4 16. Rh3 Nf8 17. Bxe4 dxe4 18. Qh5 g6 19. Qh6 Bxg5 20. fxg5 Rxe5 21. dxe5 Qe7 22. Qh4 Qxe5 23. Qf4 Re8 24. Rd1 Qxf4 25. exf4 Ne6 26. Re3 Nxf4 27. Rd7 Ba8 28. Rd6 b4 29. Na4 Nd5 30. Re1 c3 31. bxc3 bxc3 32. Nb6 Nxb6 33. Rxb6 e3 34. Rb3 Rc8 35. Rc1 e2 36. Kf2 c2 37. Kxe2 Bxg2 38. Kd2 Be4 39. Ke3 Bf5 40. Ke2 Rc4 41. h3 Ra4 42. a3 Kg7 43. Kd2 a5 44. Rf1 Rh4 45. Kc1 Rd4 46. Rb5 Bd3 0-1

[Event "GER-ch 65th"]
[Site "Bad Wildbad"]
[Date "1993.??.??"]
[Round "7"]
[White "Berndt, Klaus"]
[Black "Kostadinov, Atanas"]
[Result "1-0"]
[WhiteElo "2285"]
[BlackElo "2245"]
[PlyCount "80"]
[EventDate "1993.11.??"]
[EventType "swiss"]
[EventRounds "9"]
[EventCountry "GER"]
[SourceTitle "TD"]
[Source "ChessBase"]
[SourceDate "1994.03.01"]
[SourceVersion "1"]
[SourceVersionDate "1994.03.01"]
[SourceQuality "1"]

1. d4 g6 2. c4 Bg7 3. Nf3 d6 4. Nc3 Nd7 5. Qc2 e5 6. Bg5 Ne7 7. dxe5 dxe5 8. 0-0-0 0-0 9. e4 c6 10. h4 h6 11. Be3 Qa5 12. Qd2 Nf6 13. Bxh6 Bxh6 14. Qxh6 Ng4 15. Qd2 Qc5 16. Re1 Be6 17. Ng5 Rad8 18. Nxe6 fxe6 19. Qg5 Qxf2 20. Be2 Qe3+ 21. Qxe3 Nxe3 22. g4 c5 23. g5 Nc6 24. Rh2 a6 25. Nd1 Nxd1 26. Rxd1 Nd4 27. Bg4 Rf4 28. Rg2 Rdf8 29. h5 Rf2 30. Rxf2 Rxf2 31. hxg6 Rg2 32. Bh3 Rh2 33. Bf1 b5 34. cxb5 axb5 35. Kb1 Kg7 36. Rc1 c4 37. b3 cxb3 38. axb3 Kxg6 39. b4 Kxg5 40. Rc5 Rf2 1-0

[Event "GER-ch 65th"]
[Site "Bad Wildbad"]
[Date "1993.??.??"]
[Round "1"]
[White "Michaelsen, Nils"]
[Black "Berndt, Klaus"]
[Result "1-0"]
[WhiteElo "2435"]
[BlackElo "2285"]
[PlyCount "68"]
[EventDate "1993.11.??"]
[EventType "swiss"]
[EventRounds "9"]
[EventCountry "GER"]
[SourceTitle "TD"]
[Source "ChessBase"]
[SourceDate "1994.03.01"]
[SourceVersion "1"]
[SourceVersionDate "1994.03.01"]
[SourceQuality "1"]

1. d4 e6 2. c4 Bb4+ 3. Bd2 Qe7 4. Nc3 Nf6 5. Nf3 Nc6 6. e3 0-0 7. Qc2 d6 8. a3 Bxc3 9. Bxc3 a5 10. Bd3 e5 11. d5 Nb8 12. Nd2 a4 13. 0-0 g6 14. f4 Nbd7 15. Rae1 Nc5 16. fxe5 dxe5 17. Bb4 b6 18. Nb1 Bd7 19. Nc3 Nh5 20. Qd1 f5 21. Bc2 Qe8 22. d6 cxd6 23. Qxd6 Rf6 24. Qd2 Bc6 25. Rd1 Kh8 26. Qe2 f4 27. Nd5 Bxd5 28. Rxd5 fxe3 29. Qxe3 Rxf1+ 30. Kxf1 Nf4 31. Rxe5 Qf7 32. Kg1 Rf8 33. h4 Nh5 34. Bd3 Nxd3 1-0